Přehled dějin české a slovenské sociologie od roku 1945 do současnosti : vznik, vývoj a formování marxistické sociologie v Československu /

Hlavní autor: Vaněk, Antonín, 1932-1996
Korporativní autor: Univerzita Karlova. Filozofická fakulta
Jazyk: Čeština
Vydáno: Praha : Státní pedagogické nakladatelství, 1982
Vydání: 1. vyd.
Témata:
Fyzický popis: 172 s.
Knihy
Uloženo v:
LEADER 01143nam a22002652a 4500
001 000235644
003 CZ BrMZK
005 20081112081018.0
007 ta
008 010907s1982 xr f cze d
015 |a cnb000002530 
035 |a (OCoLC)39562468 
040 |a BOA001  |b cze 
100 1 |a Vaněk, Antonín,  |d 1932-1996  |7 jk01141486  |4 aut 
245 1 0 |a Přehled dějin české a slovenské sociologie od roku 1945 do současnosti :  |b vznik, vývoj a formování marxistické sociologie v Československu /  |c Antonín Vaněk 
250 |a 1. vyd. 
260 |a Praha :  |b Státní pedagogické nakladatelství,  |c 1982 
300 |a 172 s. 
550 |a Vydavatel: Filozofická fakulta Univerzity Karlovy 
710 2 2 |a Univerzita Karlova.  |b Filozofická fakulta  |7 kn20010710340 
910 |a BOA001  |b PK-N-0022.823  |b 4-0859.931 
964 |a Sociologie - Československo - dějiny - od r. 1945 - učebnice - školy vysoké 
990 |a BK 
996 7 |b 3119911611  |c PK-N-0022.823  |l MZK  |r Sklad / do 1 hodiny  |n 5  |w 000235644  |u 000010  |a 1  |e BOA001  |j MZK50  |s A 
996 6 |b BC-617261  |c 4-0859.931  |l MZK  |r Sklad / do 1 hodiny  |n 0  |w 000235644  |u 000020  |a 1  |e BOA001  |j MZK50  |s P